Statistics for One Step Away Countries

Click here to take the quiz!

General Stats

  • This quiz has been taken 35 times
  • The average score is 5 of 9

Answer Stats

Answer % Correct
Ireland(Iceland = R)
91%
Cube(Cuba =E)
85%
Iceland(Ireland = C)
82%
Tiger(Niger = T)
79%
Tongs(Tonga = S)
73%
Child(Chile = D)
48%
Toga(Togo = A)
42%
Bran(Iran = B)
21%
Malt(Mali = T)
3%

Score Distribution

Percentile by Number Answered

Percent of People with Each Score

Your Score History

You have not taken this quiz